000 00531nam a22001937a 4500
003 ILib
005 20140310182812.0
008 130222t xxu||||| |||| 00| 0 eng d
020 _a8126116919
050 _aLB 1025
_b.R745 2005
245 _aRole of evaluation in education /
_cedited by S.P. Naik.
260 _aNew Delhi
_bAnmol Publications
_c2005.
300 _a364 p. :
_bill.
_c21.4 cm.
521 _aEDU
650 _aEducational evaluation
650 _aCurriculum evaluation
942 _2lcc
_cBK
_kFOR
999 _c16203
_d16203